000 00968nam a2200229 i 4500
001 157955
003 ES-MaACL
005 20230906210922.0
008 991116s1896 be |||| | fre d
040 _aCAM
_bspa
_cCAM
100 1 _aLonchay, Henri.
_973211
245 1 3 _aLa rivalité de la France et d'Espagne aux Pays-Bas (1635-1700)
_b: étude d'histoire diplomatique et militaire /
_cpar Henri Lonchay.
260 _aBruxelles :
_b[s.n.],
_c1896 (
_fHayez)
300 _a367 p. ;
_c23 cm.
500 _aSeparata de Mémoires couronnés et autres mémoires, publiés par l'Académie royale de Bélgique.
530 _aDisponible en formato digital.
651 4 _aPaíses Bajos-
_xHistoria-
_yS.XVII.
_9161208
651 4 _aEspaña-
_xRelaciones-
_zFrancia.
_9146674
651 4 _aFrancia-
_xRelaciones-
_zEspaña.
_9146675
852 _aES-MaACL
_jG-3617
_z-- Rust.
856 _uhttp://bdh-rd.bne.es/viewer.vm?id=0000092395&page=1
_zBiblioteca Digital Hispánica
999 _c157955
_d157955